MARC details
| 000 -LEADER |
| campo de control de longitud fija |
01075nam a22003257a 4500 |
| 003 - IDENTIFICADOR DE NÚMERO DE CONTROL |
| campo de control |
OSt |
| 005 - FECHA Y HORA DE LA ÚLTIMA TRANSACCIÓN |
| campo de control |
20230531163445.0 |
| 008 - DATOS DE LONGITUD FIJA--INFORMACIÓN GENERAL |
| campo de control de longitud fija |
221006b |||||||| |||| 00| 0 eng d |
| 022 ## - NÚMERO INTERNACIONAL NORMALIZADO PARA PUBLICACIONES SERIADAS |
| Número Internacional Normalizado para Publicaciones Seriadas |
978-2-940524-48-8 |
| 040 ## - FUENTE DE CATALOGACIÓN |
| Centro/agencia transcriptor |
Biblioteca Lado V |
| 082 ## - NÚMERO DE LA CLASIFICACIÓN DECIMAL DEWEY |
| Número de clasificación |
800 |
| Número de ítem |
P419m |
| 100 ## - ENTRADA PRINCIPAL--NOMBRE DE PERSONA |
| 9 (RLIN) |
270 |
| Nombre de persona |
Peña, Alfonso |
| Término indicativo de función/relación |
editor |
| 245 ## - MENCIÓN DEL TÍTULO |
| Título |
Materika/ |
| 260 ## - PUBLICACIÓN, DISTRIBUCIÓN, ETC. |
| Lugar de publicación, distribución, etc. |
Mexico |
| Nombre del editor, distribuidor, etc. |
Ediciones Andromeda |
| Fecha de publicación, distribución, etc. |
2005 |
| 300 ## - DESCRIPCIÓN FÍSICA |
| Dimensiones |
15.5x21cm |
| Extensión |
58p. |
| 366 ## - INFORMACIÓN SOBRE DISPONIBILIDAD COMERCIAL |
| Nota |
spa |
| 490 ## - MENCIÓN DE SERIE |
| Mención de serie |
10 |
| Designación de volumen o secuencia |
2005 |
| Número Internacional Normalizado para Publicaciones Seriadas |
1409-3693 |
| 505 ## - NOTA DE CONTENIDO CON FORMATO |
| Nota de contenido con formato |
Peru: Poetas de hoy |
| 505 ## - NOTA DE CONTENIDO CON FORMATO |
| Nota de contenido con formato |
Bird o la validez del esfuerzo |
| 505 ## - NOTA DE CONTENIDO CON FORMATO |
| Nota de contenido con formato |
En la presencia ausente de lo amado Juan Gelman |
| 505 ## - NOTA DE CONTENIDO CON FORMATO |
| Nota de contenido con formato |
Ventana a la utopia |
| 505 ## - NOTA DE CONTENIDO CON FORMATO |
| Nota de contenido con formato |
The yo yo girl show |
| 505 ## - NOTA DE CONTENIDO CON FORMATO |
| Nota de contenido con formato |
La caza del poeta |
| 650 ## - PUNTO DE ACCESO ADICIONAL DE MATERIA--TÉRMINO DE MATERIA |
| Fuente del encabezamiento o término |
Tesauro de Arte & Arquitectura |
| Término de materia o nombre geográfico como elemento de entrada |
POESIA |
| 9 (RLIN) |
703 |
| 650 ## - PUNTO DE ACCESO ADICIONAL DE MATERIA--TÉRMINO DE MATERIA |
| Fuente del encabezamiento o término |
Tesauro de Arte & Arquitectura |
| Término de materia o nombre geográfico como elemento de entrada |
ENTREVISTA |
| 9 (RLIN) |
702 |
| 650 ## - PUNTO DE ACCESO ADICIONAL DE MATERIA--TÉRMINO DE MATERIA |
| Fuente del encabezamiento o término |
Tesauro de Arte & Arquitectura |
| Término de materia o nombre geográfico como elemento de entrada |
LITERATURA |
| 9 (RLIN) |
702 |
| 650 ## - PUNTO DE ACCESO ADICIONAL DE MATERIA--TÉRMINO DE MATERIA |
| Fuente del encabezamiento o término |
Tesauro de Arte & Arquitectura |
| Término de materia o nombre geográfico como elemento de entrada |
NARRATIVA |
| 650 ## - PUNTO DE ACCESO ADICIONAL DE MATERIA--TÉRMINO DE MATERIA |
| Fuente del encabezamiento o término |
Tesauro de Arte & Arquitectura |
| Término de materia o nombre geográfico como elemento de entrada |
ESPAÑOL |
| 942 ## - ELEMENTOS DE ENTRADA SECUNDARIOS (KOHA) |
| Fuente del sistema de clasificación o colocación |
Clasificación Decimal Dewey |
| Tipo de ítem Koha |
Libros |
| Parte de la signatura que corresponde a la clasificación (Parte de la clasificación) |
800 |
| Parte de la signatura que identifica el ejemplar (Parte del ítem) |
P419m |
| Suprimir en OPAC |
No |